| 000 | 00338nam a2200133Ia 4500 | ||
|---|---|---|---|
| 008 | 191201s2005 xx 000 0 und d | ||
| 082 |
_a677.21 _bKNT |
||
| 100 | _aJEFFERSON, Sheila | ||
| 245 | 0 | _aKnow All about Clothing Technology | |
| 260 |
_aN.Delhi _bAbhishek Publisher _c2005 |
||
| 300 | _a- | ||
| 650 | _aB.Tech(TE) | ||
| 942 |
_2ddc _cBK |
||
| 999 |
_c2227 _d2227 |
||